000
00296nam a22001337a 4500
008
181022b xxu||||| |||| 00| 0 eng d
020
_a
9780071611664
041
_a
eng
080
_a
510
100
_a
36
101
_a
MAT
245
_a
Intermediate Accounting II
_c
Englard, B
942
_2
udc
_c
BK
999
_c
50526
_d
50526